| 000 | 00650nam a2200169 4500 | ||
|---|---|---|---|
| 008 | 151027b xxu||||| |||| 00| 0 eng d | ||
| 020 | _a9789966255265 | ||
| 050 | _aAFR QC 903.2 .A3508 2007 | ||
| 100 |
_aOtter, Luanne _d2007 |
||
| 245 |
_aGlobal Change Processes and Impacts In Africa: A Synthesis _cLuanne Otter, Daniel O. Olago and Isabelle Niang |
||
| 260 |
_aNairobi: _bEast African Educatonal Publishers, _c2007. |
||
| 300 |
_axxiii, 346p.: ill. _bIncludes Index, |
||
| 650 | _aEnglish Fiction | ||
| 700 | _aOlago, Daniel O. | ||
| 700 | _aNiang, Isabelle | ||
| 942 |
_2lcc _cSH_L_BOOKS _hAFR QC 903.2 .A3508 2007 |
||
| 999 |
_c9427 _d9427 |
||